00333nam a2200121Ia 4500008004100000100004400041245003000085260004600115300000900161650001600170942000800186999001700194190216s9999||||xx |||||||||||||| ||und|| aAssociation Of Indian University Author 0aQuestion Bank Mathematics bAssociation Of Indian Universitiesc1985 a882p aMathematics cREF c35488d35488